00256nam a2200109Ia 4500008004100000100001300041245003900054260001900093650001000112942000700122999001700129190216s9999||||xx |||||||||||||| ||und|| aMansingh 0aHindi-Hindi Ka Vakyatimak Vyakaran bSahithya Sadan aHindi cBK c15494d15494